| 000 | 00692nam a2200253 a 4500 | ||
|---|---|---|---|
| 003 | AR-BaBNM | ||
| 005 | 20251128203226.0 | ||
| 008 | 082120s2002 ||||||||||||||000 | spa|| | ||
| 040 | _cAR-BaBNM | ||
| 100 | 1 | _aBanchs, Enrique | |
| 245 | 0 | 0 | _aEl cascabel del halcón |
| 260 |
_aBuenos Aires _bCentro Editor de América Latina _c1968 |
||
| 300 | _a116 p. | ||
| 500 | _aLa presente edición ha sido revisada y corregida por el autor | ||
| 650 | 4 | _aLITERATURA ARGENTINA | |
| 650 | 4 | _aPOESIA | |
| 650 | 4 | _aCOSTUMBRES Y TRADICIONES | |
| 650 | 4 | _aLITERATURA POPULAR | |
| 653 | _aINFLUENCIA GRECOLATINA | ||
| 653 | _aROMANCES | ||
| 655 | _aLITERATURA | ||
| 942 | _cBK | ||
| 998 | _cisola | ||
| 999 |
_c2475 _d2475 |
||